| 000 | 00764ntm a22003017a 4500 | ||
|---|---|---|---|
| 005 | 20250925165032.0 | ||
| 008 | 170320b2016 xxu||||| |||| 00| 0 spa d | ||
| 020 | _a9786074485738 | ||
| 041 | _aESP | ||
| 082 | _a617.6 G245c2 | ||
| 100 |
_aGarza Garza, Ana María _941351 |
||
| 245 | _aControl de infecciones y bioseguridad en odontología | ||
| 250 | _a2 edición | ||
| 260 | _aMéxico | ||
| 260 | _bManual Moderno | ||
| 260 | _c2016 | ||
| 300 | _a251 páginas | ||
| 650 | _aODONTOLOGÍA | ||
| 650 | _aBOCA | ||
| 650 | _aINFECCIONES | ||
| 650 | _aTRATAMIENTO | ||
| 650 | _aSALUD BUCAL | ||
| 650 | _aENFERMEDADES BUCALES | ||
| 650 | _aRESIDUOS PELIGROSOS | ||
| 650 | _aESTERILIZACIÓN | ||
| 650 | _aPROTECCIÓN PERSONAL | ||
| 942 |
_cBK _2ddc |
||
| 999 |
_c9084 _d9084 |
||